Закрытые паевые инвестиционные фонды недвижимости: сравнительный анализ; Экономика России в XXI веке; Т. 2
| Parent link: | Экономика России в XXI веке: сборник научных трудов XII Международной научно-практической конференции "Экономические науки и прикладные исследования", г. Томск, 17-21 ноября 2015 г./ Национальный исследовательский Томский политехнический университет (ТПУ) ; ред. кол. Г. А. Барышева [и др.].— , 2015 Т. 2.— 2015.— [С. 36-42] |
|---|---|
| Hlavní autor: | |
| Korporativní autor: | |
| Další autoři: | , |
| Shrnutí: | Заглавие с титульного экрана В статье дано определение и выделены специфические черты закрытых паевых инвестиционных фондов недвижимости. На основе сравнительного анализа различных видов закрытых паевых инвестиционных фондов недвижимости выявлен значительный разброс показателей доходности, при этом установлено, что наибольшую доходность приносят смешанные фонды недвижимости. Высокий порог входа на данный рынок ограничивает доступ частных инвестиций в данный финансовый инструмент. При этом перспективы развития фондов недвижимости связаны с развитием законодательной базы, а также совершенствованием инструментов регулирования финансового рынка. |
| Jazyk: | ruština |
| Vydáno: |
2015
|
| Edice: | Проблемы и перспективы современных управленческих технологий |
| Témata: | |
| On-line přístup: | http://earchive.tpu.ru/handle/11683/15551 http://www.lib.tpu.ru/fulltext/c/2015/C40/V2/008.pdf |
| Médium: | MixedMaterials Elektronický zdroj Kapitola |
| KOHA link: | https://koha.lib.tpu.ru/cgi-bin/koha/opac-detail.pl?biblionumber=616836 |
MARC
| LEADER | 00000naa2a2200000 4500 | ||
|---|---|---|---|
| 001 | 616836 | ||
| 005 | 20231101132929.0 | ||
| 035 | |a (RuTPU)RU\TPU\conf\15092 | ||
| 035 | |a RU\TPU\conf\15091 | ||
| 090 | |a 616836 | ||
| 100 | |a 20160125d2015 k y0rusy50 ca | ||
| 101 | 0 | |a rus | |
| 102 | |a RU | ||
| 105 | |a y z 101zy | ||
| 135 | |a drgn ---uucaa | ||
| 181 | 0 | |a i | |
| 182 | 0 | |a b | |
| 200 | 1 | |a Закрытые паевые инвестиционные фонды недвижимости: сравнительный анализ |f И. А. Власов, Е. С. Коптелова |g науч. рук. И. С. Антонова | |
| 203 | |a Текст |c электронный | ||
| 225 | 1 | |a Проблемы и перспективы современных управленческих технологий | |
| 230 | |a 1 компьютерный файл (pdf; 598 Kb) | ||
| 300 | |a Заглавие с титульного экрана | ||
| 320 | |a [Библиогр.: с. 42 (8 назв.)] | ||
| 330 | |a В статье дано определение и выделены специфические черты закрытых паевых инвестиционных фондов недвижимости. На основе сравнительного анализа различных видов закрытых паевых инвестиционных фондов недвижимости выявлен значительный разброс показателей доходности, при этом установлено, что наибольшую доходность приносят смешанные фонды недвижимости. Высокий порог входа на данный рынок ограничивает доступ частных инвестиций в данный финансовый инструмент. При этом перспективы развития фондов недвижимости связаны с развитием законодательной базы, а также совершенствованием инструментов регулирования финансового рынка. | ||
| 337 | |a Adobe Reader | ||
| 461 | 1 | |0 (RuTPU)RU\TPU\conf\14421 |t Экономика России в XXI веке |o сборник научных трудов XII Международной научно-практической конференции "Экономические науки и прикладные исследования", г. Томск, 17-21 ноября 2015 г. |o в 2 т. |f Национальный исследовательский Томский политехнический университет (ТПУ) ; ред. кол. Г. А. Барышева [и др.] |d 2015 | |
| 463 | 0 | |0 (RuTPU)RU\TPU\conf\14423 |t Т. 2 |v [С. 36-42] |d 2015 | |
| 610 | 1 | |a труды учёных ТПУ | |
| 610 | 1 | |a электронный ресурс | |
| 610 | 1 | |a паевые фонды | |
| 610 | 1 | |a инвестиционные фонды | |
| 610 | 1 | |a недвижимость | |
| 610 | 1 | |a сравнительный анализ | |
| 610 | 1 | |a финансовые рынки | |
| 700 | 1 | |a Власов |b И. А. | |
| 701 | 1 | |a Коптелова |b Е. С. | |
| 702 | 1 | |a Антонова |b И. С. |c специалист в области менеджмента |c доцент Томского политехнического университета, кандидат экономических наук |f 1985- |g Ирина Сергеевна |2 stltpush |4 727 | |
| 712 | 0 | 2 | |a Национальный исследовательский Томский политехнический университет (ТПУ) |b Институт социально-гуманитарных технологий (ИСГТ) |b Кафедра менеджмента (МЕН) |h 150 |2 stltpush |3 (RuTPU)RU\TPU\col\18855 |
| 801 | 2 | |a RU |b 63413507 |c 20210209 |g RCR | |
| 856 | 4 | |u http://earchive.tpu.ru/handle/11683/15551 | |
| 856 | 4 | |u http://www.lib.tpu.ru/fulltext/c/2015/C40/V2/008.pdf | |
| 942 | |c BK | ||